000 00557nam a22001817a 4500
003 OSt
005 20140310182159.0
008 130902t xxu||||| |||| 00| 0 eng d
020 _a978185627775148
050 _a TX 771
_b.M894 1995
082 _aHS 641.6754
_bM85 1995
100 _aMosaik Verlag, Munich
_916140
245 _aEgg dishes bakes & gratins /
_ba feast of good cooking
_c Munich Mosaik Verlag.
260 _aLondon :
_b CLB Publishing, 1
_c995.
300 _a124 p.:
_bill. ;
_c28 cm.
650 _aCookbook
_xBakes
_916141
942 _2lcc
_cHS
999 _c10166
_d10166